Most Religiously Diverse Countries - Statistics

General Stats
  • This quiz has been taken 68 times
  • The average score is 7 of 18
Answer Stats
Religious Adherence to the Most Followed Religion Country Most Followed Religion % Correct
56.1% Nigeria Islam
82%
64.1% Malaysia Islam
60%
64.2% Laos Buddhism
55%
30.8% Singapore Buddhism
53%
61.6% Ethiopia Christianity
52%
56.4% Chad Islam
47%
56.9% Togo Christianity
44%
53.2% Benin Christianity
42%
60.5% South Sudan Christianity
42%
46.3% Côte d'Ivoire Islam
40%
48.3% Mauritius Hinduism
32%
52.8% Suriname Christianity
32%
27.9% Taiwan Folk Religion
31%
53.6% Bosnia and Herzegovina Islam
29%
61.3% Mozambique Christianity
29%
51.7% Eritrea Islam
26%
56% Guinea-Bissau Islam
24%
64.7% North Macedonia Christianity
18%
No matching quizzes found
Score Distribution
Percent of People with Each Score
Percentile by Number Answered
Your Score History
You have not taken this quiz